| 000 | 01235nam a2200241Ia 4500 | ||
|---|---|---|---|
| 999 |
_c51969 _d51969 |
||
| 001 | 18970 | ||
| 003 | GE_BSU | ||
| 005 | 20210421163116.0 | ||
| 008 | 181216s2013||||ge |||||||||||||| ||geo|| | ||
| 040 | _cGE_BSU | ||
| 041 | _ageo | ||
| 080 | _a82 ბ-52 | ||
| 100 |
_aბერიძე, თეონა _911496 |
||
| 245 |
_aქრისტა ვოლფის რომანების პოეტიკა / _cთეონა ბერიძე; სამეცნიერო ხელმძღვანელი ნანული კაკაურიძე; ბათუმის შოთა რუსთაველის სახ-ფო უნ-ტი. |
||
| 264 |
_aბათუმი, _c2013. |
||
| 300 |
_a167 გვ. ; _b 30 სმ. |
||
| 653 | _aდისერტაცია | ||
| 653 | _aლიტმცოდნეობა | ||
| 653 | _aქრისტა ვოლფის რომანების პოეტიკა | ||
| 700 |
_aკაკაურიძე ნანული _eსამეცნიერო ხელმძღვანელი _911497 |
||
| 710 |
_aბათუმის შოთა რუსთაველის სახ-ფო უნ-ტი. _911498 |
||
| 942 |
_cBK _2udc |
||